000 00269nam a2200097Ia 4500
001 754538
005 20250826164742.0
008 250824s9999 xx 000 0 und d
245 0 _aYA KIRDIĞIN KALBİ ALLAH SEVİYORSA
_cMUHAMMET N.YILDIRIM
260 _bYEDİVEREN YAYINLARI
999 _c754538
_d754538